Europe's Oldest and Newest Countries Quiz Stats

 Plays Quiz not verified by Sporcle

Support Sporcle.
Go Orange.
Score 0/20 Timer 05:00
0 Plays Today
Oldest or Newest Country % Correct
OldestUnited Kingdom (U: Minor English kingdoms)
97.1%
OldestFrance (D: Carolingian Empire)
94.9%
OldestPortugal (I: Kingdom of Leon)
89%
OldestSweden (U: Swedish Tribes)
88.1%
NewestCroatia/Slovenia (D: Yugoslavia)
87.1%
NewestCzech Republic/Slovakia (D: Czechoslovakia)
85.6%
OldestDenmark (U: Danish Tribes)
85.4%
NewestSerbia (D: Serbia and Montenegro)
85.3%
NewestMontenegro (D: Serbia and Montenegro)
84.7%
NewestKosovo (I: Serbia)
84.7%
Oldest or Newest Country % Correct
NewestRussia/Ukraine (D: Soviet Union)
84.4%
NewestBelarus (D: Soviet Union)
83.4%
NewestMoldova (D: Soviet Union)
82.8%
OldestSwitzerland (I: Holy Roman Empire)
79.6%
OldestNetherlands (I: Castile)
79.4%
NewestMacedonia (D: Yugoslavia)
79.4%
NewestBosnia and Herzegovina (D: Yugoslavia)
78.6%
OldestSan Marino (I: Roman Empire)
73%
OldestAndorra (I: France)
72.1%
OldestMonaco (I: Genoa)
68.6%

You're not logged in!

Compare scores with friends on all Sporcle quizzes.
OR
Log In

From the Vault

Mis-Matched Marvel & DC Heroes

by stevenmiller61

Now this is the Marvel/DC crossover we've been waiting for.
Remove Ads.
Support Sporcle.
Get the best of Sporcle when you Go Orange. This ad-free experience offers more features, more stats, and more fun while also helping to support Sporcle. Thank you for becoming a member.

Show Comments

Extras

Top Quizzes Today


Score Distribution

Your Account Isn't Verified!

In order to create a playlist on Sporcle, you need to verify the email address you used during registration. Go to your Sporcle Settings to finish the process.

Report this User

Report this user for behavior that violates our Community Guidelines.

Details: